[Event "2LA 15/16 Unichess C - Karlovarský ?achklub Tietz"]
[Site "Praha"]
[Date "2016.02.21"]
[Round "8.1"]
[White "Simek, Petr"]
[Black "Soukup, Jiri"]
[Result "0-1"]
[BlackElo "2360"]
[WhiteElo "2374"]
[WhiteTeam "Unichess C"]
[BlackTeam "Tietz"]
[LiveChessVersion "1.4.6"]

1. d4 {[%clk 1:30:58]} d5 {[%clk 1:30:42]} 2. c4 {[%clk 1:31:10]} dxc4
{[%clk 1:31:00]} 3. e3 {[%clk 1:31:27]} Nf6 {[%clk 1:28:57]} 4. Bxc4
{[%clk 1:19:55]} e6 {[%clk 1:28:51]} 5. Nf3 {[%clk 1:20:13]} a6 {[%clk 1:28:48]}
6. O-O {[%clk 1:20:28]} b5 {[%clk 1:28:53]} 7. Bd3 {[%clk 1:20:25]} Bb7
{[%clk 1:28:08]} 8. a4 {[%clk 1:20:37]} b4 {[%clk 1:28:20]} 9. Nbd2
{[%clk 1:20:51]} c5 {[%clk 1:25:28]} 10. e4 {[%clk 1:20:22]} cxd4
{[%clk 1:22:03]} 11. e5 {[%clk 1:20:32]} Nfd7 {[%clk 1:20:18]} 12. Nc4
{[%clk 1:20:15]} h6 {[%clk 1:14:42]} 13. Bf4 {[%clk 0:17:56]} Nc6
{[%clk 1:05:00]} 14. Rc1 {[%clk 0:17:54]} Nb6 {[%clk 1:00:47]} 15. Nfd2
{[%clk 0:13:40]} Nxc4 {[%clk 0:58:04]} 16. Nxc4 {[%clk 0:14:00]} Na5
{[%clk 0:56:53]} 17. Nd6+ {[%clk 0:13:11]} Bxd6 {[%clk 0:57:01]} 18. exd6
{[%clk 0:13:35]} O-O {[%clk 0:55:23]} 19. Qg4 {[%clk 0:03:52]} Qf6
{[%clk 0:48:14]} 20. Qg3 {[%clk 0:04:16]} Nc6 {[%clk 0:47:35]} 21. Rxc6
{[%clk 0:03:22]} Bxc6 {[%clk 0:47:41]} 22. h4 {[%clk 0:03:49]} g5
{[%clk 0:46:13]} 23. hxg5 {[%clk 0:01:32]} hxg5 {[%clk 0:43:13]} 24. Be5
{[%clk 0:00:59]} Qh6 {[%clk 0:42:36]} 25. Rc1 {[%clk 0:01:00]} Rac8
{[%clk 0:37:33]} 26. Bxd4 {[%clk 0:00:44]} Bxg2 {[%clk 0:34:07]} 27. Kxg2
{[%clk 0:00:37]} Rxc1 {[%clk 0:34:31]} 0-1

[Event "2LA 15/16 Unichess C - Karlovarský ?achklub Tietz"]
[Site "Praha"]
[Date "2016.02.21"]
[Round "8.2"]
[White "Krejcik, Jiri"]
[Black "Kovar, Vojtech"]
[Result "1-0"]
[BlackElo "2360"]
[WhiteElo "2197"]
[WhiteTeam "Tietz"]
[BlackTeam "Unichess C"]
[LiveChessVersion "1.4.6"]

1. e4 {[%clk 1:30:27]} c5 {[%clk 1:25:59]} 2. Nf3 {[%clk 1:31:21]} d6
{[%clk 1:26:25]} 3. d4 {[%clk 1:31:45]} cxd4 {[%clk 1:26:50]} 4. Nxd4
{[%clk 1:31:45]} Nf6 {[%clk 1:27:15]} 5. Nc3 {[%clk 1:31:07]} a6 {[%clk 1:27:42]}
6. Be2 {[%clk 1:28:03]} e5 {[%clk 1:28:07]} 7. Nb3 {[%clk 1:28:20]} Be7
{[%clk 1:28:29]} 8. Be3 {[%clk 1:24:55]} Be6 {[%clk 1:28:43]} 9. Nd5
{[%clk 1:21:25]} Bxd5 {[%clk 1:23:50]} 10. exd5 {[%clk 1:21:28]} O-O
{[%clk 1:24:13]} 11. g4 Nbd7 12. f3 {[%clk 1:02:08]} Rc8 13. c4 a5
{[%clk 0:54:21]} 14. h4 {[%clk 0:45:28]} a4 {[%clk 0:52:43]} 15. Nd2
{[%clk 0:45:09]} Nc5 {[%clk 0:41:22]} 16. Bxc5 {[%clk 0:32:41]} Rxc5
{[%clk 0:41:44]} 17. Qxa4 {[%clk 0:31:38]} b5 {[%clk 0:41:45]} 18. cxb5
{[%clk 0:22:52]} Nxd5 {[%clk 0:42:07]} 19. g5 {[%clk 0:22:38]} Ne3
{[%clk 0:39:19]} 20. Kf2 {[%clk 0:20:37]} Rc2 {[%clk 0:39:41]} 21. Kxe3
{[%clk 0:17:47]} d5 {[%clk 0:23:26]} 22. Kd3 {[%clk 0:10:55]} Qc7
{[%clk 0:23:37]} 23. Qxc2 {[%clk 0:08:16]} e4+ {[%clk 0:24:00]} 24. Nxe4
{[%clk 0:08:40]} dxe4+ {[%clk 0:23:43]} 25. Kd2 {[%clk 0:08:57]} Qf4+
{[%clk 0:21:12]} 26. Ke1 {[%clk 0:08:58]} exf3 {[%clk 0:21:05]} 27. Bd3
{[%clk 0:07:23]} Re8 {[%clk 0:10:37]} 28. Kf1 {[%clk 0:06:47]} Bc5
{[%clk 0:00:36]} 29. Qxc5 {[%clk 0:05:41]} Qd2 {[%clk 0:00:59]} 30. Qc2
{[%clk 0:05:50]} 1-0

[Event "2LA 15/16 Unichess C - Karlovarský ?achklub Tietz"]
[Site "Praha"]
[Date "2016.02.21"]
[Round "8.3"]
[White "Kuba, Jindrich"]
[Black "Contos, Vaclav"]
[Result "1-0"]
[BlackElo "2086"]
[WhiteElo "2238"]
[WhiteTeam "Unichess C"]
[BlackTeam "Tietz"]
[LiveChessVersion "1.4.6"]

1. e4 {[%clk 1:25:29]} c6 {[%clk 1:30:45]} 2. d4 {[%clk 1:25:32]} d5
{[%clk 1:31:00]} 3. Nc3 {[%clk 1:25:50]} dxe4 {[%clk 1:31:20]} 4. Nxe4
{[%clk 1:26:18]} Nd7 {[%clk 1:31:41]} 5. Bd3 {[%clk 1:24:35]} Ngf6
{[%clk 1:32:00]} 6. f3 {[%clk 1:22:14]} Qb6 {[%clk 1:30:18]} 7. c3
{[%clk 1:21:52]} Nxe4 {[%clk 1:27:38]} 8. fxe4 {[%clk 1:21:56]} e5
{[%clk 1:27:56]} 9. Nf3 {[%clk 1:22:06]} Bd6 {[%clk 1:24:58]} 10. O-O
{[%clk 1:16:04]} c5 {[%clk 1:20:30]} 11. Bc4 {[%clk 1:15:49]} cxd4
{[%clk 1:09:38]} 12. Bxf7+ {[%clk 0:58:37]} Ke7 {[%clk 1:02:21]} 13. cxd4
{[%clk 0:56:32]} Rf8 {[%clk 1:00:30]} 14. Bb3 {[%clk 0:55:34]} Nf6
{[%clk 0:53:19]} 15. Qd3 {[%clk 0:52:04]} Bg4 {[%clk 0:48:25]} 16. Be3
{[%clk 0:48:22]} Rad8 {[%clk 0:42:40]} 17. Nd2 {[%clk 0:29:17]} exd4
{[%clk 0:35:46]} 18. Bg5 {[%clk 0:29:45]} Be5 {[%clk 0:32:46]} 19. Nc4
{[%clk 0:29:36]} Qc7 {[%clk 0:32:49]} 20. Nxe5 {[%clk 0:27:48]} Qxe5
{[%clk 0:32:45]} 21. Bf4 {[%clk 0:28:17]} Qh5 {[%clk 0:29:43]} 22. Qc4
{[%clk 0:26:43]} Rc8 {[%clk 0:26:57]} 23. Qb4+ {[%clk 0:26:54]} Qc5
{[%clk 0:26:01]} 24. Qxb7+ {[%clk 0:26:57]} Bd7 {[%clk 0:26:06]} 25. e5
{[%clk 0:24:49]} Ng4 {[%clk 0:24:33]} 26. e6 {[%clk 0:21:51]} d3+
{[%clk 0:21:37]} 27. Kh1 {[%clk 0:22:20]} Nf2+ {[%clk 0:13:52]} 28. Rxf2
{[%clk 0:22:45]} Qxf2 {[%clk 0:14:15]} 29. Bg5+ {[%clk 0:21:32]} Kd6
{[%clk 0:12:49]} 30. Qxd7+ {[%clk 0:21:12]} Kc5 {[%clk 0:12:56]} 31. Qxd3
{[%clk 0:21:14]} Qxb2 {[%clk 0:10:15]} 32. Be3+ {[%clk 0:20:33]} Kb4
{[%clk 0:10:00]} 33. Qe4+ {[%clk 0:20:55]} Kc3 {[%clk 0:09:53]} 34. Qd4#
{[%clk 0:21:17]} 1-0

[Event "2LA 15/16 Unichess C - Karlovarský ?achklub Tietz"]
[Site "Praha"]
[Date "2016.02.21"]
[Round "8.4"]
[White "Tichy, Stepan"]
[Black "Bartos, Jan"]
[Result "0-1"]
[BlackElo "2176"]
[WhiteElo "2148"]
[WhiteTeam "Tietz"]
[BlackTeam "Unichess C"]
[LiveChessVersion "1.4.6"]

1. c4 {[%clk 1:30:56]} c5 {[%clk 1:30:23]} 2. g3 {[%clk 1:31:06]} Nc6
{[%clk 1:30:11]} 3. Bg2 {[%clk 1:31:28]} g6 {[%clk 1:30:36]} 4. d3
{[%clk 1:29:34]} Bg7 {[%clk 1:30:51]} 5. Nc3 {[%clk 1:29:02]} d6 {[%clk 1:24:56]}
6. Nf3 {[%clk 1:26:09]} Nf6 {[%clk 1:24:46]} 7. O-O {[%clk 1:26:21]} O-O
{[%clk 1:24:44]} 8. e4 {[%clk 1:26:20]} e5 {[%clk 1:17:57]} 9. Bd2
{[%clk 1:23:08]} Bd7 {[%clk 1:16:11]} 10. Nd5 {[%clk 1:15:12]} Nxd5
{[%clk 1:16:08]} 11. cxd5 {[%clk 1:15:35]} Nd4 {[%clk 1:16:10]} 12. Nxd4
{[%clk 1:15:54]} cxd4 {[%clk 1:16:01]} 13. Qb3 {[%clk 1:14:40]} Qe7
{[%clk 1:02:29]} 14. Rac1 {[%clk 1:08:12]} b6 {[%clk 0:58:11]} 15. Rc7
{[%clk 1:03:32]} Rfc8 {[%clk 0:57:47]} 16. Rfc1 {[%clk 1:03:45]} Qd8
{[%clk 0:50:18]} 17. Qc2 {[%clk 0:56:00]} Bf6 {[%clk 0:49:40]} 18. f4
{[%clk 0:52:18]} Kf8 {[%clk 0:45:44]} 19. Bb4 {[%clk 0:49:00]} Be7
{[%clk 0:27:38]} 20. fxe5 {[%clk 0:45:12]} dxe5 {[%clk 0:27:56]} 21. d6
{[%clk 0:42:43]} Bg5 {[%clk 0:27:30]} 22. Rf1 {[%clk 0:42:46]} a5
{[%clk 0:27:40]} 23. Qb3 {[%clk 0:34:28]} Qe8 {[%clk 0:20:07]} 24. Rxd7
{[%clk 0:31:01]} Qxd7 {[%clk 0:20:28]} 25. Bh3 {[%clk 0:31:20]} f5
{[%clk 0:19:16]} 26. exf5 {[%clk 0:30:37]} Rc1 {[%clk 0:14:43]} 27. Rxc1
{[%clk 0:26:27]} Bxc1 {[%clk 0:14:40]} 28. fxg6 {[%clk 0:26:37]} Be3+
{[%clk 0:14:30]} 29. Kf1 {[%clk 0:11:43]} Qxh3+ {[%clk 0:14:49]} 30. Ke1
{[%clk 0:12:12]} hxg6 {[%clk 0:12:12]} 31. Qd5 {[%clk 0:10:28]} Rd8
{[%clk 0:10:05]} 32. Qxe5 {[%clk 0:10:13]} Qd7 {[%clk 0:07:14]} 33. Qf6+
{[%clk 0:08:37]} Kg8 {[%clk 0:07:37]} 34. Qxg6+ {[%clk 0:08:34]} Qg7
{[%clk 0:07:23]} 35. Qe6+ {[%clk 0:08:19]} Kh8 {[%clk 0:07:09]} 36. Qh3+
{[%clk 0:04:44]} Bh6 {[%clk 0:07:08]} 37. Bd2 {[%clk 0:04:02]} Rxd6
{[%clk 0:07:00]} 0-1

[Event "2LA 15/16 Unichess C - Karlovarský ?achklub Tietz"]
[Site "Praha"]
[Date "2016.02.21"]
[Round "8.5"]
[White "Jascenko, Olga"]
[Black "Prochazka, Dalibor"]
[Result "1-0"]
[BlackElo "2194"]
[WhiteElo "2192"]
[WhiteTeam "Unichess C"]
[BlackTeam "Tietz"]
[LiveChessVersion "1.4.6"]

1. d4 {[%clk 1:26:29]} g6 {[%clk 1:30:39]} 2. c4 {[%clk 1:26:12]} Bg7
{[%clk 1:29:52]} 3. Nc3 {[%clk 1:26:36]} d6 {[%clk 1:29:59]} 4. e4
{[%clk 1:26:47]} f5 {[%clk 1:28:46]} 5. h4 {[%clk 1:11:11]} fxe4 {[%clk 0:54:23]}
6. Nxe4 {[%clk 1:05:03]} Nc6 {[%clk 0:46:10]} 7. d5 {[%clk 0:57:29]} Nd4
{[%clk 0:45:20]} 8. h5 {[%clk 0:55:26]} c5 {[%clk 0:37:51]} 9. Bd3
{[%clk 0:51:57]} Bf5 {[%clk 0:30:24]} 10. Ne2 {[%clk 0:45:00]} Nxe2
{[%clk 0:19:52]} 11. Qxe2 {[%clk 0:45:08]} Bxe4 {[%clk 0:15:33]} 12. Bxe4
{[%clk 0:44:41]} Nf6 {[%clk 0:15:41]} 13. hxg6 {[%clk 0:33:42]} Qd7
{[%clk 0:11:52]} 14. gxh7 {[%clk 0:29:31]} Nxe4 {[%clk 0:10:11]} 15. Qxe4
{[%clk 0:29:58]} O-O-O {[%clk 0:10:33]} 16. Rb1 {[%clk 0:21:15]} Rdf8
{[%clk 0:09:16]} 17. Be3 {[%clk 0:20:06]} Be5 {[%clk 0:05:54]} 18. Kf1
{[%clk 0:13:36]} e6 {[%clk 0:05:11]} 19. b4 {[%clk 0:13:03]} exd5
{[%clk 0:05:35]} 20. cxd5 {[%clk 0:12:40]} Rf7 {[%clk 0:04:22]} 21. bxc5
{[%clk 0:11:30]} Rfxh7 {[%clk 0:04:34]} 22. Rxh7 {[%clk 0:11:25]} Rxh7
{[%clk 0:03:25]} 23. c6 {[%clk 0:11:13]} bxc6 {[%clk 0:03:42]} 24. dxc6
{[%clk 0:11:36]} Qf7 {[%clk 0:01:46]} 25. Qg4+ {[%clk 0:11:39]} Kd8
{[%clk 0:02:03]} 26. Rb8+ {[%clk 0:11:50]} Rh8 1-0

[Event "2LA 15/16 Unichess C - Karlovarský ?achklub Tietz"]
[Site "Praha"]
[Date "2016.02.21"]
[Round "8.6"]
[White "Fryc, Miroslav"]
[Black "Pokorny, Petr"]
[Result "0-1"]
[BlackElo "2177"]
[WhiteElo "2137"]
[WhiteTeam "Tietz"]
[BlackTeam "Unichess C"]
[LiveChessVersion "1.4.6"]

1. e4 {[%clk 1:28:30]} e5 {[%clk 1:30:55]} 2. Nc3 {[%clk 1:25:39]} Nc6
{[%clk 1:30:13]} 3. Bc4 {[%clk 1:17:33]} Nf6 {[%clk 1:29:49]} 4. d3
{[%clk 1:16:51]} Na5 {[%clk 1:29:05]} 5. Bg5 {[%clk 1:16:41]} Nxc4
{[%clk 1:21:26]} 6. dxc4 {[%clk 1:16:56]} Bb4 {[%clk 1:21:34]} 7. Qd3
{[%clk 1:13:13]} h6 {[%clk 1:18:58]} 8. Bh4 {[%clk 1:06:06]} d6 {[%clk 1:13:09]}
9. Nge2 {[%clk 1:05:51]} Be6 {[%clk 1:09:25]} 10. O-O-O {[%clk 1:05:40]} Bxc3
{[%clk 0:56:11]} 11. Nxc3 {[%clk 1:05:24]} Qe7 {[%clk 0:56:09]} 12. f3
{[%clk 0:57:51]} O-O-O {[%clk 0:55:37]} 13. Nd5 {[%clk 0:54:43]} Bxd5
{[%clk 0:55:59]} 14. cxd5 {[%clk 0:55:02]} Kb8 {[%clk 0:54:20]} 15. Qa3
{[%clk 0:53:45]} g5 {[%clk 0:50:11]} 16. Bf2 {[%clk 0:53:56]} b6 {[%clk 0:50:37]}
17. Rd3 {[%clk 0:52:47]} Qd7 {[%clk 0:50:39]} 18. c4 {[%clk 0:44:48]} Kb7
{[%clk 0:44:32]} 19. Kb1 {[%clk 0:42:38]} Ra8 {[%clk 0:43:40]} 20. c5
{[%clk 0:39:10]} dxc5 {[%clk 0:40:23]} 21. Bxc5 {[%clk 0:39:07]} Ne8
{[%clk 0:30:52]} 22. Bf2 {[%clk 0:36:20]} Nd6 {[%clk 0:24:54]} 23. Rc1
{[%clk 0:35:48]} Qb5 {[%clk 0:21:49]} 24. Rdc3 {[%clk 0:24:37]} Rac8
{[%clk 0:21:27]} 25. Rc6 {[%clk 0:23:21]} Qe2 {[%clk 0:17:11]} 26. R6c2
{[%clk 0:21:08]} Qb5 {[%clk 0:17:36]} 27. Qc3 {[%clk 0:21:04]} f6
{[%clk 0:17:45]} 28. b3 {[%clk 0:20:51]} Rhd8 {[%clk 0:11:15]} 29. a4
{[%clk 0:19:05]} Qa6 {[%clk 0:11:37]} 30. Qc6+ {[%clk 0:18:17]} Kb8
{[%clk 0:12:05]} 31. Kb2 {[%clk 0:15:31]} Qb7 {[%clk 0:11:39]} 32. Qc3
{[%clk 0:15:12]} Ne8 {[%clk 0:09:29]} 33. b4 {[%clk 0:11:06]} Nd6
{[%clk 0:08:52]} 34. b5 {[%clk 0:09:12]} a6 {[%clk 0:08:05]} 35. Qb4
{[%clk 0:06:59]} a5 {[%clk 0:08:24]} 36. Qc3 {[%clk 0:06:54]} Rd7
{[%clk 0:06:16]} 37. Bg3 {[%clk 0:06:19]} Rg8 {[%clk 0:04:54]} 38. Qe3
{[%clk 0:04:40]} Qc8 {[%clk 0:04:09]} 39. Rc6 {[%clk 0:05:02]} Qf8
{[%clk 0:03:48]} 40. Qc3 {[%clk 0:03:48]} Rgg7 {[%clk 0:03:02]} 41. Bf2
{[%clk 0:00:42]} Kb7 {[%clk 0:30:34]} 42. Bc5 {[%clk 0:19:31]} Qd8
{[%clk 0:21:38]} 43. Bxd6 {[%clk 0:18:31]} Rxd6 {[%clk 0:20:22]} 44. Rxd6
{[%clk 0:13:55]} Qxd6 {[%clk 0:20:27]} 45. Qc6+ {[%clk 0:11:13]} Qxc6
{[%clk 0:20:32]} 46. dxc6+ {[%clk 0:11:33]} Kc8 {[%clk 0:20:49]} 47. Rd1
{[%clk 0:11:59]} h5 {[%clk 0:16:45]} 48. Kc3 {[%clk 0:11:03]} h4 {[%clk 0:15:44]}
49. Kc4 {[%clk 0:08:56]} Re7 {[%clk 0:13:51]} 50. g3 {[%clk 0:08:23]} h3
{[%clk 0:11:48]} 51. Rd5 {[%clk 0:07:35]} Rg7 {[%clk 0:10:29]} 52. Kd3
{[%clk 0:07:02]} Rg8 {[%clk 0:10:00]} 53. Ke3 {[%clk 0:06:54]} Rd8
{[%clk 0:09:52]} 54. f4 {[%clk 0:06:19]} exf4+ {[%clk 0:08:54]} 55. gxf4
{[%clk 0:06:46]} Rxd5 {[%clk 0:09:16]} 56. exd5 {[%clk 0:07:07]} g4
{[%clk 0:09:40]} 57. Kd4 0-1

[Event "2LA 15/16 Unichess C - Karlovarský ?achklub Tietz"]
[Site "Praha"]
[Date "2016.02.21"]
[Round "8.7"]
[White "Bretsnajdr, Vladimir"]
[Black "Huttner, Milos"]
[Result "1/2-1/2"]
[BlackElo "2061"]
[WhiteElo "2264"]
[WhiteTeam "Unichess C"]
[BlackTeam "Tietz"]
[LiveChessVersion "1.4.6"]

1. c4 {[%clk 1:30:44]} e5 {[%clk 1:30:45]} 2. Nc3 {[%clk 1:30:54]} Nf6
{[%clk 1:30:56]} 3. g3 {[%clk 1:29:55]} d5 {[%clk 1:25:49]} 4. cxd5
{[%clk 1:30:00]} Nxd5 {[%clk 1:26:11]} 5. Bg2 {[%clk 1:30:23]} Be6
{[%clk 1:25:52]} 6. Nf3 {[%clk 1:28:28]} Nc6 {[%clk 1:24:52]} 7. O-O
{[%clk 1:26:11]} Be7 {[%clk 1:21:14]} 8. d3 {[%clk 1:25:44]} Qd7 {[%clk 1:20:10]}
9. Ng5 {[%clk 1:13:25]} Bxg5 {[%clk 1:19:02]} 10. Bxg5 {[%clk 1:13:53]} f6
{[%clk 1:19:01]} 11. Bd2 {[%clk 1:14:15]} Nxc3 {[%clk 1:05:07]} 12. bxc3
{[%clk 1:13:44]} O-O-O {[%clk 0:54:52]} 13. Qa4 {[%clk 1:10:26]} Bd5
{[%clk 0:51:15]} 14. Rab1 {[%clk 1:06:00]} Bxg2 {[%clk 0:50:17]} 15. Kxg2
{[%clk 1:05:57]} h5 {[%clk 0:44:17]} 16. h3 {[%clk 0:50:42]} g5 {[%clk 0:35:37]}
17. Be3 {[%clk 0:45:20]} b6 {[%clk 0:28:56]} 18. c4 {[%clk 0:32:20]} Kb8
{[%clk 0:25:10]} 19. c5 {[%clk 0:27:11]} Nd4 {[%clk 0:21:44]} 20. Qxd7
{[%clk 0:21:19]} Rxd7 {[%clk 0:22:13]} 21. Rb2 {[%clk 0:21:48]} Rg8
{[%clk 0:20:30]} 22. a4 {[%clk 0:20:56]} f5 {[%clk 0:13:56]} 23. a5
{[%clk 0:19:50]} Rg6 {[%clk 0:14:13]} 24. Rfb1 {[%clk 0:10:44]} Kb7
{[%clk 0:14:09]} 25. cxb6 {[%clk 0:08:08]} cxb6 {[%clk 0:14:24]} 26. axb6
{[%clk 0:08:15]} axb6 {[%clk 0:14:32]} 27. f3 {[%clk 0:07:42]} f4
{[%clk 0:13:35]} 28. Bf2 {[%clk 0:07:29]} Rdd6 {[%clk 0:06:27]} 29. Ra1
{[%clk 0:05:43]} g4 {[%clk 0:04:49]} 30. fxg4 {[%clk 0:01:23]} hxg4
{[%clk 0:05:03]} 31. h4 {[%clk 0:01:24]} Nxe2 {[%clk 0:03:31]} 32. Rd2
{[%clk 0:00:33]} f3+ {[%clk 0:02:16]} 33. Kf1 {[%clk 0:01:02]} e4
{[%clk 0:01:25]} 34. Rad1 {[%clk 0:01:30]} e3 {[%clk 0:01:27]} 35. Bxe3
{[%clk 0:01:59]} Nxg3+ {[%clk 0:01:51]} 36. Kf2 {[%clk 0:02:23]} Nf5
{[%clk 0:01:55]} 37. Bg5 {[%clk 0:02:47]} Rd4 {[%clk 0:00:45]} 38. Re1
{[%clk 0:02:44]} Rgd6 {[%clk 0:01:01]} 39. Re5 {[%clk 0:02:54]} R4d5
{[%clk 0:00:50]} 40. Re4 {[%clk 0:02:51]} Rd4 {[%clk 0:00:47]} 41. Rb2
{[%clk 0:28:54]} Kc6 {[%clk 0:16:38]} 42. Rc2+ {[%clk 0:14:22]} Kd5
{[%clk 0:10:27]} 43. Rc4 {[%clk 0:13:39]} Rxc4 {[%clk 0:10:35]} 44. Rxc4
{[%clk 0:14:07]} Nd4 {[%clk 0:08:43]} 45. Be3 {[%clk 0:11:34]} Ke5
{[%clk 0:08:47]} 46. h5 {[%clk 0:10:44]} g3+ {[%clk 0:05:15]} 47. Kxg3
{[%clk 0:11:05]} Nf5+ {[%clk 0:05:41]} 48. Kxf3 {[%clk 0:11:09]} Rxd3
{[%clk 0:05:50]} 49. Re4+ {[%clk 0:11:37]} Kf6 {[%clk 0:04:38]} 50. Kf4
{[%clk 0:09:53]} Nxe3 {[%clk 0:01:19]} 51. Rxe3 {[%clk 0:10:11]} Rd5
{[%clk 0:01:12]} 52. Rc3 {[%clk 0:09:01]} b5 {[%clk 0:01:19]} 53. Rc6+
{[%clk 0:09:27]} Kg7 {[%clk 0:01:39]} 54. Kg4 {[%clk 0:09:51]} Kh7
{[%clk 0:00:44]} 55. Rb6 {[%clk 0:09:42]} Rc5 {[%clk 0:01:01]} 56. Rb7+
{[%clk 0:09:52]} Kh6 {[%clk 0:01:17]} 57. Rb6+ {[%clk 0:10:17]} Kh7
{[%clk 0:01:05]} 1/2-1/2

[Event "2LA 15/16 Unichess C - Karlovarský ?achklub Tietz"]
[Site "Praha"]
[Date "2016.02.21"]
[Round "8.8"]
[White "Bicek, Richard"]
[Black "Hucin, Jan"]
[Result "0-1"]
[BlackElo "2113"]
[WhiteElo "2033"]
[WhiteTeam "Tietz"]
[BlackTeam "Unichess C"]
[LiveChessVersion "1.4.6"]

1. e4 {[%clk 1:30:58]} c6 {[%clk 1:30:56]} 2. d4 {[%clk 1:31:20]} d5
{[%clk 1:31:22]} 3. Nd2 {[%clk 1:30:51]} dxe4 {[%clk 1:31:46]} 4. Nxe4
{[%clk 1:31:16]} Bf5 {[%clk 1:32:11]} 5. Ng3 {[%clk 1:31:15]} Bg6
{[%clk 1:32:37]} 6. h4 {[%clk 1:28:41]} h6 {[%clk 1:33:02]} 7. Nf3
{[%clk 1:28:53]} Nd7 {[%clk 1:33:27]} 8. Bd3 {[%clk 1:25:11]} Bxd3
{[%clk 1:33:42]} 9. Qxd3 {[%clk 1:25:37]} e6 {[%clk 1:33:37]} 10. Bd2
{[%clk 1:18:56]} Qc7 {[%clk 1:33:39]} 11. O-O {[%clk 1:15:43]} Ngf6
{[%clk 1:32:41]} 12. c4 {[%clk 1:14:05]} Bd6 {[%clk 1:30:57]} 13. Ne2
{[%clk 1:10:37]} O-O {[%clk 1:20:27]} 14. Rac1 {[%clk 1:04:32]} e5
{[%clk 1:08:11]} 15. c5 {[%clk 0:50:05]} Be7 {[%clk 1:08:37]} 16. dxe5
{[%clk 0:50:08]} Nxe5 {[%clk 1:08:15]} 17. Nxe5 {[%clk 0:49:48]} Qxe5
{[%clk 1:08:11]} 18. Bc3 {[%clk 0:46:50]} Qe4 {[%clk 1:08:19]} 19. Qh3
{[%clk 0:39:09]} Nd5 {[%clk 1:07:25]} 20. Ng3 {[%clk 0:38:30]} Qxh4
{[%clk 1:05:34]} 21. Qxh4 {[%clk 0:35:14]} Bxh4 {[%clk 1:05:57]} 22. Bxg7
{[%clk 0:34:32]} Kxg7 {[%clk 1:03:16]} 23. Nf5+ {[%clk 0:34:50]} Kf6
{[%clk 1:03:41]} 24. Nxh4 {[%clk 0:35:17]} Rfe8 {[%clk 1:03:19]} 25. Rfe1
{[%clk 0:33:10]} Nf4 {[%clk 0:51:58]} 26. Rxe8 {[%clk 0:32:48]} Rxe8
{[%clk 0:52:20]} 27. Rc4 {[%clk 0:27:12]} Re1+ {[%clk 0:52:17]} 28. Kh2
{[%clk 0:27:38]} Nd3 {[%clk 0:52:38]} 29. Rc3 {[%clk 0:19:55]} Rd1
{[%clk 0:48:36]} 30. Kg3 {[%clk 0:18:14]} Nxb2 {[%clk 0:46:13]} 31. Rf3+
{[%clk 0:17:12]} Ke6 {[%clk 0:45:10]} 32. Nf5 {[%clk 0:14:23]} Rd3
{[%clk 0:42:22]} 33. Nxh6 {[%clk 0:14:48]} Rxf3+ {[%clk 0:42:44]} 34. Kxf3
{[%clk 0:15:14]} Nd3 {[%clk 0:43:06]} 35. g4 {[%clk 0:14:22]} Nxc5
{[%clk 0:42:15]} 36. Ke3 {[%clk 0:13:39]} Nd7 {[%clk 0:35:01]} 37. f4
{[%clk 0:13:15]} f6 {[%clk 0:26:12]} 38. Ke4 {[%clk 0:10:16]} Nc5+
{[%clk 0:25:01]} 39. Kd4 {[%clk 0:10:36]} b6 {[%clk 0:24:49]} 40. Nf5
{[%clk 0:07:56]} Nb7 {[%clk 0:22:31]} 41. Ng7+ {[%clk 0:06:53]} Ke7
{[%clk 0:16:57]} 42. Nf5+ {[%clk 0:06:18]} Kd7 {[%clk 0:17:13]} 43. Ng3
{[%clk 0:29:00]} Nd6 {[%clk 0:46:26]} 44. a4 {[%clk 0:27:22]} Ke6
{[%clk 0:42:26]} 45. Nh5 {[%clk 0:22:49]} c5+ {[%clk 0:41:35]} 46. Kd3
{[%clk 0:23:04]} a6 {[%clk 0:40:58]} 47. Ng7+ {[%clk 0:19:39]} Kd5
{[%clk 0:38:59]} 48. Nh5 {[%clk 0:12:47]} Ne4 {[%clk 0:38:50]} 49. Ke3
{[%clk 0:13:13]} b5 {[%clk 0:37:14]} 50. axb5 {[%clk 0:13:38]} axb5
{[%clk 0:37:41]} 51. f5 {[%clk 0:13:59]} Ke5 {[%clk 0:36:34]} 52. Nf4
{[%clk 0:13:53]} Nc3 {[%clk 0:30:48]} 53. Ng6+ {[%clk 0:12:58]} Kd6
{[%clk 0:30:31]} 54. Nf8 {[%clk 0:12:19]} Nd5+ {[%clk 0:29:15]} 55. Kd3
{[%clk 0:11:35]} c4+ {[%clk 0:27:30]} 56. Kd2 {[%clk 0:10:38]} Ke5
{[%clk 0:26:41]} 57. Ne6 {[%clk 0:09:58]} b4 {[%clk 0:26:11]} 58. Nd8
{[%clk 0:07:21]} Kf4 {[%clk 0:25:52]} 59. Nf7 {[%clk 0:05:41]} c3+
{[%clk 0:25:44]} 60. Kd3 {[%clk 0:05:22]} b3 {[%clk 0:24:48]} 61. Nd6
{[%clk 0:04:46]} b2 {[%clk 0:24:14]} 62. Kc2 {[%clk 0:05:00]} Ne3+
{[%clk 0:24:38]} 63. Kb1 {[%clk 0:05:21]} Nf1 {[%clk 0:25:02]} 0-1